India-Sri Lanka Trade: transacting environments in formal and informal trading (Record no. 57671)

000 -LEADER
fixed length control field 00517pab a2200181 454500
008 - FIXED-LENGTH DATA ELEMENTS--GENERAL INFORMATION
fixed length control field 180718b2003 xxu||||| |||| 00| 0 eng d
100 ## - MAIN ENTRY--PERSONAL NAME
Personal name Taneja, Nisha,
245 ## - TITLE STATEMENT
Title India-Sri Lanka Trade: transacting environments in formal and informal trading
260 ## - PUBLICATION, DISTRIBUTION, ETC.
Date of publication, distribution, etc. 2003
300 ## - PHYSICAL DESCRIPTION
Extent p.3094-098.
362 ## - DATES OF PUBLICATION AND/OR SEQUENTIAL DESIGNATION
Dates of publication and/or sequential designation 19 Jul
650 ## - SUBJECT ADDED ENTRY--TOPICAL TERM
Topical term or geographic name entry element India - Commerce - Sri Lanka
650 ## - SUBJECT ADDED ENTRY--TOPICAL TERM
Topical term or geographic name entry element Free trade
700 ## - ADDED ENTRY--PERSONAL NAME
Personal name Pohit, Sanjib
700 ## - ADDED ENTRY--PERSONAL NAME
Personal name Sarvanathan, Muttukrishna
773 ## - HOST ITEM ENTRY
Main entry heading Economic and Political Weekly
909 ## -
-- 57671
Holdings
Withdrawn status Lost status Damaged status Not for loan Permanent Location Current Location Date acquired Serial Enumeration / chronology Barcode Date last seen Price effective from Koha item type
        Indian Institute of Public Administration Indian Institute of Public Administration 2018-07-19 Volume no: 38, Issue no: 29 AR58116 2018-07-19 2018-07-19 Articles

Powered by Koha